Statistics for Largest Cities in Venezuela (with a Map)

Click here to take the quiz!

General Stats

  • This quiz has been taken 43 times
  • The average score is 7 of 15

Answers on the Map

Answers color-coded by a green-red scale on the quiz's map according to % correct below.
Loading ...
 

Answer Stats

StateAnswerPopulation% Correct
Capital DistrictCaracas5,576,000
100%
ZuliaMaracaibo4,163,670
81%
CaraboboValencia2,585,202
76%
AnzoáteguiBarcelona750,000
67%
BolívarCiudad Bolívar291,170
67%
LaraBarquisimeto1,600,000
62%
AraguaMaracay1,302,000
57%
MéridaMérida317,410
57%
BarinasBarinas284,305
48%
BolívarCiudad Guayana946,606
38%
SucreCumaná374,706
33%
MonagasMaturín410,967
19%
MirandaLos Teques279,424
19%
MirandaPetare369,000
14%
AraguaTurmero344,746
10%

Score Distribution

Percentile by Number Answered

Percent of People with Each Score

Your Score History

You have not taken this quiz